Visualizzazione normale
Vista MARC
- Fallaci, Oriana.
di Personal Name
Records bibliografici associati: 1
001 - CONTROL NUMBER
- control field: 35871
003 - CONTROL NUMBER IDENTIFIER
- control field: IT-RoPau
005 - DATE AND TIME OF LATEST TRANSACTION
- control field: 20150825103208.0
008 - FIXED-LENGTH DATA ELEMENTS
- fixed length control field: 150825|| aca||aabn | a|a d
040 ## - CATALOGING SOURCE
- Original cataloging agency: IT-RoPau
- Transcribing agency: IT-RoPau
100 ## - HEADING--PERSONAL NAME
- Personal name: Fallaci, Oriana.
670 ## - SOURCE DATA FOUND
- Source citation: Work cat.: (IT-RoPau)0: Fallaci, Oriana., La rabbia e l'orgoglio /, 2001.